[Event "Zuerich op 37th"]
[Site "Zuerich"]
[Date "2013.12.29"]
[Round "6"]
[White "Sebenik, Matej"]
[Black "Turci, Stefano"]
[Result "1-0"]
[WhiteElo "2496"]
[BlackElo "2219"]
[PlyCount "113"]
[EventDate "2013.12.26"]
[EventType "swiss"]
[EventRounds "7"]
[EventCountry "SUI"]
[SourceTitle "CBM 158 Extra"]
[Source "ChessBase"]
[SourceDate "2014.02.28"]
[SourceVersion "1"]
[SourceVersionDate "2014.02.28"]
[SourceQuality "1"]

1. d4 d5 2. c4 c6 3. Nf3 Nf6 4. e3 g6 5. Nc3 Bg7 6. Be2 0-0 7. 0-0 Nbd7 8. cxd5 cxd5 9. Qb3 e6 10. a4 Nb8 11. Ne5 Nc6 12. Nxc6 bxc6 13. Qc2 Nd7 14. b4 e5 15. Rd1 exd4 16. exd4 Nf6 17. Bf4 Be6 18. Be5 Nd7 19. Bxg7 Kxg7 20. a5 Nf6 21. Rac1 Qd6 22. Na2 Bd7 23. f3 Rfe8 24. Bf1 Re3 25. Qd2 Re7 26. Re1 Rae8 27. Rxe7 Qxe7 28. Kf2 Qd6 29. g3 h5 30. Re1 h4 31. Rxe8 hxg3+ 32. hxg3 Bxe8 33. Qe3 Bd7 34. Qe5 Qxe5 35. dxe5 Ne8 36. Nc1 Nc7 37. Nb3 Kf8 38. Nd4 Ke7 39. f4 Kd8 40. Bd3 Ke7 41. Kf3 Kd8 42. g4 Ke7 43. f5 gxf5 44. gxf5 f6 45. Kf4 Be8 46. Be2 Bd7 47. e6 Be8 48. Nb3 Kd6 49. Nc5 Na8 50. Na6 Nb6 51. axb6 axb6 52. Ke3 c5 53. b5 Ke5 54. Nc7 d4+ 55. Kd2 Kxf5 56. Nxe8 Kxe6 57. Bc4+ 1-0

[Event "ITA-chT 38th"]
[Site "Porto San Giorgio"]
[Date "2006.04.22"]
[Round "4.2"]
[White "Turci, Stefano"]
[Black "Ranieri, Fabrizio"]
[Result "1/2-1/2"]
[WhiteElo "2199"]
[BlackElo "2228"]
[PlyCount "85"]
[EventDate "2006.04.21"]
[EventType "team-swiss"]
[EventRounds "5"]
[EventCountry "ITA"]
[SourceTitle "EXT 2022"]
[Source "ChessBase"]
[SourceDate "2021.10.06"]
[SourceVersion "1"]
[SourceVersionDate "2021.10.06"]
[SourceQuality "1"]
[WhiteTeam "Reggio Emilia Studio Alfa"]
[BlackTeam "Ivrea Eporediense"]
[WhiteTeamCountry "ITA"]
[BlackTeamCountry "ITA"]

1. e4 e6 2. d4 d5 3. Nc3 Nf6 4. e5 Nfd7 5. f4 c5 6. Nf3 Nc6 7. Ne2 Be7 8. g3 0-0 9. Bh3 Qb6 10. 0-0 Kh8 11. Kh1 f6 12. c3 cxd4 13. cxd4 a5 14. Nc3 Ndb8 15. b3 Na6 16. Be3 Qd8 17. Rc1 Nc7 18. Na4 Nb4 19. Qd2 Bd7 20. Nc5 b6 21. Nxd7 Qxd7 22. a3 Nba6 23. Ra1 f5 24. Rfc1 Nb5 25. a4 Na7 26. Bf1 Nb4 27. Ne1 Rac8 28. Nd3 Rxc1 29. Rxc1 Rc8 30. Nxb4 Bxb4 31. Qb2 Rc6 32. Bd3 Kg8 33. Kg2 Qc7 34. Rxc6 Qxc6 35. Bd2 Bxd2 36. Qxd2 Nc8 37. Kf2 Ne7 38. Ke3 Kf7 39. Bb5 Qc7 40. Ke2 Qc8 41. Ke3 Qc7 42. Ke2 Qc8 43. Ke3 1/2-1/2

[Event "ITA-chT 38th"]
[Site "Porto San Giorgio"]
[Date "2006.04.21"]
[Round "1.2"]
[White "Cherin, Diego"]
[Black "Turci, Stefano"]
[Result "0-1"]
[WhiteElo "2304"]
[BlackElo "2199"]
[PlyCount "78"]
[EventDate "2006.04.21"]
[EventType "team-swiss"]
[EventRounds "5"]
[EventCountry "ITA"]
[SourceTitle "EXT 2022"]
[Source "ChessBase"]
[SourceDate "2021.10.06"]
[SourceVersion "1"]
[SourceVersionDate "2021.10.06"]
[SourceQuality "1"]
[WhiteTeam "Triestina"]
[BlackTeam "Reggio Emilia Studio Alfa"]
[WhiteTeamCountry "ITA"]
[BlackTeamCountry "ITA"]

1. e4 e6 2. d4 d5 3. Nd2 Nf6 4. e5 Nfd7 5. f4 c5 6. c3 cxd4 7. cxd4 Nc6 8. Ndf3 h5 9. Bd3 Nb6 10. a3 a5 11. b3 Bd7 12. Ne2 Rc8 13. 0-0 g6 14. Kh1 Be7 15. Ng5 Kf8 16. g3 Kg7 17. Kg2 a4 18. b4 Na7 19. h3 Bb5 20. Bxb5 Nxb5 21. Qd3 Qd7 22. Be3 Nc4 23. Nf3 Nxe3+ 24. Qxe3 Rc2 25. Qd3 Rhc8 26. Rfb1 R8c3 27. Qd1 Qc6 28. Rc1 Rxe2+ 29. Qxe2 Rxc1 30. Rxc1 Qxc1 31. Qxb5 Qb2+ 32. Kf1 Qxa3 33. Ng5 Qxg3 34. Nxe6+ fxe6 35. Qd7 Qxf4+ 36. Ke2 Qe4+ 37. Kf1 Qd3+ 38. Kg2 Kf7 39. Qxa4 Qxd4 0-1

[Event "Forli op"]
[Site "Forli"]
[Date "1993.??.??"]
[Round "3"]
[White "Manouck, Thierry"]
[Black "Turci, Stefano"]
[Result "1-0"]
[WhiteElo "2305"]
[BlackElo "2230"]
[PlyCount "143"]
[EventDate "1993.10.??"]
[EventType "swiss"]
[EventRounds "9"]
[EventCountry "ITA"]
[SourceTitle "EXT 1998"]
[Source "ChessBase"]
[SourceDate "1997.11.17"]
[SourceVersion "1"]
[SourceVersionDate "1997.11.17"]
[SourceQuality "1"]

1. c4 e5 2. g3 Nc6 3. Bg2 f5 4. Nc3 Nf6 5. e3 d6 6. Nge2 Be7 7. 0-0 0-0 8. d3 Qe8 9. Bd2 Bd8 10. Rc1 Kh8 11. Nd5 Ne7 12. Nxf6 Rxf6 13. f4 c6 14. Bc3 Bb6 15. Qd2 exf4 16. Nxf4 Ng6 17. Rce1 Nxf4 18. gxf4 Rg6 19. Kh1 Be6 20. Bf3 Qd7 21. b4 Rf8 22. Rg1 Rxg1+ 23. Rxg1 Rf7 24. Rg3 c5 25. bxc5 dxc5 26. Qg2 Bd8 27. Bd5 Bf6 28. Be5 Bxe5 29. fxe5 Re7 30. d4 Kg8 31. Bxe6+ Qxe6 32. Qd5 cxd4 33. Qxe6+ Rxe6 34. exd4 b6 35. Kg2 Kf7 36. Ra3 Re7 37. Kf3 g5 38. Ke3 h6 39. Rb3 Ke6 40. a4 Rc7 41. Kd3 Rf7 42. Rb2 g4 43. a5 bxa5 44. Re2 f4 45. d5+ Ke7 46. e6 Rf6 47. d6+ Ke8 48. c5 f3 49. Re1 f2 50. Rf1 Rxe6 51. Rxf2 Re1 52. Kc4 h5 53. c6 Rc1+ 54. Kb5 Rb1+ 55. Kxa5 Ra1+ 56. Kb5 Rb1+ 57. Kc4 Rc1+ 58. Kd5 Rd1+ 59. Ke6 Re1+ 60. Kf5 Rc1 61. Re2+ Kd8 62. Ke6 Rxc6 63. Rf2 Ke8 64. Rf5 h4 65. Rg5 Kf8 66. Rxg4 h3 67. Rf4+ Ke8 68. Rh4 Kf8 69. Rxh3 Rc2 70. Rh8+ Kg7 71. d7 Re2+ 72. Kf5 1-0

[Event "Olomouc Sigma 22nd"]
[Site "Olomouc"]
[Date "1989.07.09"]
[Round "10"]
[White "Kolasinski, Marek"]
[Black "Turci, Stefano"]
[Result "1-0"]
[WhiteElo "2305"]
[BlackElo "2225"]
[PlyCount "103"]
[EventDate "1989.06.30"]
[EventType "tourn"]
[EventRounds "11"]
[EventCountry "CZE"]
[EventCategory "4"]
[SourceTitle "EXT 1997"]
[Source "ChessBase"]
[SourceDate "1996.11.15"]
[SourceVersion "1"]
[SourceVersionDate "1996.11.15"]
[SourceQuality "1"]

1. d4 d5 2. c4 c6 3. Nc3 Nf6 4. Nf3 Qb6 5. Qc2 Bg4 6. e3 e6 7. Bd3 Nbd7 8. cxd5 exd5 9. Ne5 Nxe5 10. dxe5 Nd7 11. f3 Bh5 12. f4 Nc5 13. 0-0 h6 14. Bf5 g6 15. Bh3 g5 16. g3 Qa6 17. Bf5 Rg8 18. b4 Ne6 19. b5 Qb6 20. bxc6 Qxc6 21. Qb3 0-0-0 22. Ba3 gxf4 23. Bxf8 Rgxf8 24. exf4 Kb8 25. Bxe6 fxe6 26. Rf2 a6 27. Re1 Bg6 28. Nb1 d4 29. Nd2 Rc8 30. Nf3 Rfd8 31. Nd2 d3 32. h3 h5 33. Kh2 Bf5 34. Qb4 Qd5 35. Qb3 Qd4 36. Rg2 Rc2 37. Rb1 Rd7 38. Qb6 Rxa2 39. Qxd4 Rxd4 40. Rd1 Rb4 41. g4 hxg4 42. hxg4 Bg6 43. Kg3 Raa4 44. Rf2 Kc7 45. Rh1 Kd7 46. Rh6 Bf7 47. Rf6 Ke7 48. Rh2 Ra2 49. Rh7 Rxd2 50. Rfxf7+ Ke8 51. Rfg7 Kf8 52. Rc7 1-0

[Event "Olomouc Sigma 22nd"]
[Site "Olomouc"]
[Date "1989.07.08"]
[Round "9"]
[White "Turci, Stefano"]
[Black "Konopka, Michal"]
[Result "1/2-1/2"]
[WhiteElo "2225"]
[BlackElo "2405"]
[PlyCount "96"]
[EventDate "1989.06.30"]
[EventType "tourn"]
[EventRounds "11"]
[EventCountry "CZE"]
[EventCategory "4"]
[SourceTitle "EXT 1997"]
[Source "ChessBase"]
[SourceDate "1996.11.15"]
[SourceVersion "1"]
[SourceVersionDate "1996.11.15"]
[SourceQuality "1"]

1. d4 Nf6 2. c4 g6 3. Nc3 d5 4. Bf4 Bg7 5. e3 c5 6. dxc5 Qa5 7. Rc1 dxc4 8. Qa4+ Qxa4 9. Nxa4 Bd7 10. Rxc4 Na6 11. c6 bxc6 12. Nf3 0-0 13. a3 Rfc8 14. Ne5 Be8 15. Rc1 Nc7 16. Nd3 Nfd5 17. Be5 f6 18. Bd4 e5 19. Bc5 Ne6 20. e4 Nxc5 21. Ndxc5 Nc7 22. Bc4+ Kf8 23. Ne6+ Nxe6 24. Bxe6 Rd8 25. Rd1 Ke7 26. Nc5 Rdb8 27. b3 Rb5 28. Na6 Ra5 29. Nc7 Rd8 30. Rxd8 Kxd8 31. Nxe8 Rxa3 32. Ke2 Kxe8 33. Rc1 Ra2+ 34. Kf3 Ra6 35. Rd1 c5 36. Bg8 h5 37. g4 hxg4+ 38. Kxg4 Ra2 39. Kf3 Bf8 40. h4 Be7 41. Rg1 g5 42. hxg5 fxg5 43. Rf1 Kd7 44. Kg4 Kc6 45. Kf5 Bd6 46. Kxg5 Kb5 47. Kf5 Kb4 48. f4 Rh2 1/2-1/2

[Event "Reggio Emilia-B 8990 32nd"]
[Site "Reggio Emilia"]
[Date "1989.??.??"]
[Round "?"]
[White "Beil, Zdenek"]
[Black "Turci, Stefano"]
[Result "1-0"]
[WhiteElo "2375"]
[BlackElo "2225"]
[PlyCount "101"]
[EventDate "1989.12.??"]
[EventType "tourn"]
[EventRounds "11"]
[EventCountry "ITA"]
[SourceTitle "EXT 2000"]
[Source "ChessBase"]
[SourceDate "1999.11.16"]
[SourceVersion "1"]
[SourceVersionDate "1999.11.16"]
[SourceQuality "1"]

1. d4 d5 2. Nf3 Nf6 3. c4 c6 4. Nc3 Qb6 5. c5 Qc7 6. g3 Bf5 7. Bf4 Qc8 8. Bg2 h6 9. 0-0 Nbd7 10. b4 e6 11. Nd2 Be7 12. f3 0-0 13. Qb3 b6 14. e4 Bg6 15. cxb6 axb6 16. exd5 cxd5 17. Rfc1 Qa6 18. Bf1 Qa3 19. Qxa3 Rxa3 20. Nb5 Bxb4 21. Nxa3 Bxa3 22. Rc7 Bb2 23. Re1 Bxd4+ 24. Be3 Bxe3+ 25. Rxe3 Ra8 26. a3 Nc5 27. f4 d4 28. Re1 Nd5 29. Rc6 Rxa3 30. Nc4 Rc3 31. Ra1 Bc2 32. Rc8+ Kh7 33. Rf8 Na4 34. Rxf7 d3 35. Nd2 b5 36. Bh3 Rc6 37. f5 exf5 38. Bxf5+ Kg8 39. Rb7 Ndc3 40. Bd7 Rb6 41. Rxb6 Nxb6 42. Be6+ Kf8 43. Ra7 Nba4 44. Rc7 Ne2+ 45. Kf2 Nac3 46. Ke3 g5 47. Nf3 Nd1+ 48. Ke4 Nf2+ 49. Ke5 b4 50. Nd2 b3 51. Kf6 1-0

[Event "Reggio Emilia-B 8990 32nd"]
[Site "Reggio Emilia"]
[Date "1989.??.??"]
[Round "?"]
[White "Turci, Stefano"]
[Black "Horn, Pascal"]
[Result "1/2-1/2"]
[WhiteElo "2225"]
[BlackElo "2335"]
[PlyCount "27"]
[EventDate "1989.12.??"]
[EventType "tourn"]
[EventRounds "11"]
[EventCountry "ITA"]
[SourceTitle "EXT 2000"]
[Source "ChessBase"]
[SourceDate "1999.11.16"]
[SourceVersion "1"]
[SourceVersionDate "1999.11.16"]
[SourceQuality "1"]

1. d4 Nf6 2. c4 b6 3. Nc3 Bb7 4. Bg5 e6 5. Nf3 Be7 6. e3 0-0 7. Bd3 d5 8. cxd5 Nxd5 9. Bxe7 Qxe7 10. Nxd5 Bxd5 11. 0-0 c5 12. dxc5 Qxc5 13. e4 Bb7 14. Rc1 1/2-1/2

[Event "Reggio Emilia-B 8889 31st"]
[Site "Reggio Emilia"]
[Date "1988.??.??"]
[Round "7"]
[White "Landenbergue, Claude"]
[Black "Turci, Stefano"]
[Result "0-1"]
[WhiteElo "2325"]
[BlackElo "2225"]
[PlyCount "84"]
[EventDate "1988.12.??"]
[EventType "tourn"]
[EventRounds "11"]
[EventCountry "ITA"]
[EventCategory "2"]
[SourceTitle "EXT 1997"]
[Source "ChessBase"]
[SourceDate "1996.11.15"]
[SourceVersion "1"]
[SourceVersionDate "1996.11.15"]
[SourceQuality "1"]

1. e4 c5 2. Nf3 Nc6 3. d4 cxd4 4. Nxd4 Nf6 5. Nc3 d6 6. f4 e6 7. Be3 Be7 8. Qf3 a6 9. 0-0-0 Qc7 10. Rg1 0-0 11. g4 Nxd4 12. Rxd4 b5 13. g5 Nd7 14. Qh5 Re8 15. f5 g6 16. Qh3 Ne5 17. f6 Bf8 18. Qg3 Rb8 19. a3 Nc6 20. Rb4 Nxb4 21. axb4 Bb7 22. h4 Rbc8 23. Bd3 d5 24. e5 Bxb4 25. Ne2 d4 26. Nxd4 Qa5 27. Kd1 Qa1+ 28. Bc1 Red8 29. Qf4 Qb1 30. Ke2 Rxd4 31. Qxd4 Bc5 32. Qd7 Bxg1 33. Qxb7 Rf8 34. Bf4 Qxb2 35. h5 Qd4 36. hxg6 Qxf4 37. gxf7+ Kh8 38. g6 hxg6 39. Kd1 Qxe5 40. Qg2 Qh5+ 41. Ke1 Bd4 42. Bxg6 Bc3+ 0-1

[Event "Reggio Emilia-B 8889 31st"]
[Site "Reggio Emilia"]
[Date "1988.??.??"]
[Round "5"]
[White "Pantaleoni, Claudio"]
[Black "Turci, Stefano"]
[Result "1-0"]
[WhiteElo "2255"]
[BlackElo "2225"]
[PlyCount "97"]
[EventDate "1988.12.??"]
[EventType "tourn"]
[EventRounds "11"]
[EventCountry "ITA"]
[EventCategory "2"]
[SourceTitle "EXT 1997"]
[Source "ChessBase"]
[SourceDate "1996.11.15"]
[SourceVersion "1"]
[SourceVersionDate "1996.11.15"]
[SourceQuality "1"]

1. e4 c5 2. Nf3 d6 3. d4 cxd4 4. Nxd4 Nf6 5. Nc3 a6 6. Bg5 e6 7. f4 Be7 8. Qf3 Qc7 9. 0-0-0 Nbd7 10. g4 h6 11. Bxf6 Bxf6 12. h4 g6 13. g5 Bg7 14. h5 Nf8 15. gxh6 Bxh6 16. Kb1 Bd7 17. f5 gxf5 18. exf5 0-0-0 19. fxe6 fxe6 20. Bh3 Bg7 21. Nce2 Qb6 22. c3 Kb8 23. Rhg1 Be5 24. Bg4 Rc8 25. Qh3 d5 26. Qe3 Bd6 27. Qd2 e5 28. Bxd7 Nxd7 29. Nf5 Bc5 30. Rg6 Nf6 31. Neg3 Rc6 32. Qe2 Re8 33. Ng7 Re7 34. N7f5 Re8 35. Ng7 Re7 36. Qh2 Rec7 37. N3f5 Ne4 38. Rxc6 Rxc6 39. Qxe5+ Bd6 40. Nxd6 Nxc3+ 41. Ka1 Nxd1 42. Nb5+ Kc8 43. Qf5+ Kb8 44. Qf4+ Kc8 45. Qf8+ Qd8 46. Na7+ Kc7 47. Qxd8+ Kxd8 48. Nxc6+ bxc6 49. h6 1-0